000 00466nam a2200169 i 4500
001 bg
100 1 _aFRIDMAN, Eman P.
245 1 0 _aPrimaty :
_bsovremennyje polubez'jany, obez'jany i celowek /
_cE[man] P. Fridman.
260 _aMoskva :
_bIzdat. "Nauka",
_c1979.
300 _as. 207, nlb. 1 :
_bilustr., tabl. nlb.13.
500 _a[Alf. ros.].
040 _cBPK
041 _apol
080 _a599
942 _cKS
008 s pl f |000 0 pol
999 _c21540
_d21540